000 00305nam a22001217a 4500
999 _c13766
_d13766
020 _a9789694963822
082 _a327.5491
100 _aGeneral K.M. Arif
245 _aEstranged Neighbours India Pakistan 1947-2010
260 _aIslamabad Pakistan
_bDost Publications
_c2010
300 _a344
942 _cBK